=LDR 00000nam 2200000 4500 =001 INLIS000000000044581 =005 20131008110226 =008 ***********************************Ind** =035 ##$$0010-101300000002503 =041 ##$$a Ind =082 ##$$a 133.3 =090 ##$$a 133.3 , Dhi b =100 ##$$a Dhingra, Guneeta =245 ##$$a Buku Kecil tentang tarot , Guneeta Dhingra =260 ##$$a 2009 $b Jakarta =300 ##$$a 144 hlm. , 18 cm =850 ##$$a NBPNMAT